000
00287nam a22001337a 4500
008
170616b xxu||||| |||| 00| 0 eng d
020
_a
9780312547325
041
_a
eng
080
_2
9TH
_a
323
100
_a
20
101
_a
SHP
245
_a
CURRENT ISSUES
_c
BARNET,S
942
_2
udc
_c
BK
999
_c
17932
_d
17932